00597nam a2200217Ia 4500001000700000003000500007008004100012010001100053020001800064040000900082082002200091100003000113245010500143250001000248260003900258300001100297503000800308650002100316650002500337650001700362Z_3007CHAP220113s1990 xx 000 0 und d a166094 a968-24-3673-7 cCHAP a636.089 O23e 1990 aOcádiz García, Javier aEpidemiología en animales domésticos : control de enfermedades /cpor Javier Ocádiz García a2 ed. aMéxico, D. F. :bTrillas,c1990 a196 p. aC/E aEpidemiología  aGanadoxEnfermedades aVeterinaria